00449 a2200169 450000100060000002000190000604000220002510000230004724000180007024500130008830000080010136200090010965000260011894200070014495201110015199900170026258271 a97885808128709 cAnchieta - Pituba aAzevedo, Aluísio10aO mulatolpor10aO mulato a2950 a2012 4aFicção brasileira cBK 00104070a91.1b91.1d2023-11-21l0o869.93 A994m AZE MULp8683/PITr2023-11-21 18:26:01w2023-11-21yBK c58271d58271